| 000 | 01878nam a2200205Ia 4500 | ||
|---|---|---|---|
| 003 | Ost | ||
| 005 | 20260507075558.0 | ||
| 008 | 260507s9999||||xx |||||||||||||| ||und|| | ||
| 040 | _cfsecg | ||
| 041 | _aara | ||
| 100 |
_aفارس، علي محمود _eمؤلف |
||
| 245 | 0 |
_aاسس الاقراض الزراعى والتمويل التعاونى / _c علي محمود فارس |
|
| 260 |
_aالبيضاء: _bجامعة عمر المختار, _c2005 |
||
| 300 |
_a490 صفحة؛ _bإيضاحات ؛ _c24 سم |
||
| 504 | _aمراجع ص.495, ملاحق ص.471 | ||
| 520 | _aاهمية الاقراض الزراعي في الدول النامية و اهمية راس المال في العمل المزرعي اضافة الى الادارة المالية المزرعية و كذا مصادر الاقراض الزراعي, تصنيف القروض الزراعية, ضمانات القروض الزراعية, ادارة القروض الزراعية كذلك الاجراءات الادارية لطلب القروض الزراعية, تكاليف القروض و الفائدة البسيطة, الفائدة المركبة, حسابات استهلاك القروض, تسديد القروض الزراعية و الكفاءة التحصيلية و التمويل التعاوني, الاشراف و المراقبة على القروض الزراعية و العلاقة التكاملية بين الاقراض الزراعي و الخدمات الزراعية الاخرى اضافة الى اسس نجاح برامج الاقراض الزراعي و التمويل التعاوني و زيادة فعاليتها, التامين و الانشطة الزراعية و اخيرا التمويل في المصارف غير الربوية (الاسلامية). | ||
| 653 | _aالاقراض الزراعي | ||
| 653 | _aالزراعة - تمويل | ||
| 942 | _cكتاب | ||
| 999 |
_c44984 _d44984 |
||